00321nam a2200121Ia 4500008004100000041000800041082001600049100001800065245004500083260003800128300002400166365000900190240624s9999 xx 000 0 und d aeng a658.421 HER aHERIOT KIRK C aCASES IN ENTREPRENEURSHIP AND SMALL BUSI c2010aKentuckybPearson Education a193 : p. : cm. ; 28 cb27